A seekers request to Catholick priests and Protestant ministers : for satisfying his conscience in the truth of what he ought to believe of the Lords supper.

Bibliographic Details
Format: eBook
Language:English
Published: [Edinburgh] : Re-printed at Holy-Rood-House, 1687.
Series:Early English books online.
Subjects:
Online Access:Connect to the full text of this electronic book

MARC

Tag First Indicator Second Indicator Subfields
LEADER 00000nam a2200000 4500
001 in00004326621
005 20200812080657.0
006 m g d
007 cr bn |||a|bb|
008 950821s1687 enk o 00| | eng d
035 |a (UnM)99830610 
037 |a CL0037000082  |b ProQuest Information and Learning. 300 N. Zeeb Rd., Ann Arbor, MI 48106 
040 |a Cu-RivES  |c Cu-RivES  |d CStRLIN  |e dcrb  |d WaOLN 
245 1 2 |a A seekers request to Catholick priests and Protestant ministers :  |b for satisfying his conscience in the truth of what he ought to believe of the Lords supper. 
260 |a [Edinburgh] :  |b Re-printed at Holy-Rood-House,  |c 1687. 
300 |a 1 online resource (8 pages) 
336 |a text  |b txt  |2 rdacontent 
337 |a computer  |b c  |2 rdamedia 
338 |a online resource  |b cr  |2 rdacarrier 
500 |a Place of publication from Wing. 
500 |a Reproduction of the original in the British Library. 
510 4 |a Wing (2nd edition)  |c S2412. 
533 |a Electronic reproduction.  |b Ann Arbor, Mich. :  |c UMI,  |d 1999-  |f (Early English books online)  |n Digital version of: (Early English books, 1641-1700 ; 2077:18)  |7 s1999 miun s 
650 0 |a Lord's Supper  |v Early works to 1800. 
650 0 |a Transubstantiation  |v Early works to 1800. 
830 0 |a Early English books online. 
856 4 0 |u http://proxy.library.tamu.edu/login?url=https://search.proquest.com/docview/2240868030  |z Connect to the full text of this electronic book  |t 0 
999 f f |s d05225e3-ebbf-32fd-8f10-ba7496e136c6  |i 11228f89-7673-36cb-8ddf-bc74cb33b59f  |t 0 
952 f f |a Texas A&M University  |b College Station  |c Electronic Resources  |d Available Online  |t 0  |h No information provided 
998 f f |t 0  |l Available Online